Vista normal Vista MARC

Entrada Geographic Name

Número de registros utilizados en: 1

001 - CONTROL NUMBER

  • control field: 37975

003 - CONTROL NUMBER IDENTIFIER

  • control field: OSt

005 - DATE AND TIME OF LATEST TRANSACTION

  • control field: 20210527131653.0

008 - FIXED-LENGTH DATA ELEMENTS

  • fixed length control field: 210527|| aca||aabn | a|a d

040 ## - CATALOGING SOURCE

  • Original cataloging agency: OSt
  • Transcribing agency: OSt

151 ## - HEADING--GEOGRAPHIC NAME

  • Geographic name: Colombia
  • General subdivision: History
  • Chronological subdivision: To 1810

670 ## - SOURCE DATA FOUND

  • Source citation: Work cat.: (OSt)11734: Ocampo Gaviria, José Antonio, autor 7571, Historia económica de Colombia /, 2015.